Statistics for Should've Said No - Taylor Swift (All Lyrics)

Click here to take the quiz!

General Stats

  • This quiz has been taken 678 times
  • The average score is 292 of 335

Answer Stats

Answer% Correct
I
100%
No
100%
no
100%
a
99%
said
99%
should've
99%
shouldve
99%
You
99%
you
99%
go
98%
It
98%
it
98%
be
97%
home
97%
gone
96%
The
96%
the
96%
all
95%
for
95%
me
95%
thought
95%
to
94%
And
93%
and
93%
back
93%
let
93%
your
93%
have
92%
my
92%
twice
92%
of
91%
at
90%
been
90%
in
90%
that
90%
did
89%
mind
89%
still
89%
there
89%
begging
88%
feet
88%
know
88%
might
88%
why
88%
asking
87%
Baby
87%
baby
87%
forgiveness
87%
Get
87%
get
87%
what
87%
known
86%
myself
86%
shouldn't
86%
with
86%
Before
84%
we
81%
We
81%
fore
80%
word
79%
was
77%
Was
77%
yes
77%
is
75%
say
74%
she
71%
moment
70%
one
70%
weakness
69%
take
68%
But
67%
do
67%
ever
67%
about
66%
could
66%
chance
65%
It's
65%
things
65%
think
65%
you'd
65%
right
64%
this
64%
worth
64%
now
63%
past
63%
can
62%
just
62%
wrong
62%
everything
60%
same
60%
tell
60%
looking
59%
out
59%
even
58%
feels
58%
believe
57%
expect
57%
flowers
57%
given
57%
her'd
57%
honestly
57%
used
57%
sing
56%
found
55%
need
55%
songs
55%
strange
55%
can't
54%
I've
53%
Yesterday
53%
bout
52%
crying
52%
see
52%
smiles
51%
resist
47%

Score Distribution

Percentile by Number Answered

Percent of People with Each Score

Your Score History

You have not taken this quiz